| 000 | 00861nam a22002297a 4500 | ||
|---|---|---|---|
| 005 | 20251108164235.0 | ||
| 008 | 250721s1995 xx 000 0 ara d | ||
| 082 | 1 | 4 | _a791.430956/حسا |
| 100 | 1 | _aأبو غنيمه، حسان | |
| 245 | 1 | 0 |
_aالسينما العربية : _bالماضي و الحاضر : نصوص البرنامج السينمائي : كلاكيت / |
| 264 | 1 |
_aعمان : _bالنادي السينمائي الأردني، _c1995. |
|
| 300 | _a98ص | ||
| 490 | 0 | _aمنشورات النادي السينمائي الأردني ؛ 18 | |
| 650 | 1 | 7 | _aالسينما |
| 650 | 1 | 7 | _aالبلدان العربية |
| 650 | 1 | 7 | _aالتلفزيون |
| 650 | 1 | 7 | _aالإنتاج السينمائي |
| 650 | 1 | 7 | _aالبرامج التلفزيونية |
| 650 | 1 | 7 | _aالإنتاج التلفزيوني |
| 942 |
_2ddc _cBK |
||
| 999 |
_c7198 _d7198 |
||